Welcome to CU Library Online Public Access Catalogue (OPAC)

THE EXPOSITOR'S BIBLE COMMENTARY (Record no. 7163)

MARC details
000 -LEADER
fixed length control field 00361nam a22001337a 4500
005 - DATE AND TIME OF LATEST TRANSACTION
control field 20250725104023.0
008 - FIXED-LENGTH DATA ELEMENTS--GENERAL INFORMATION
fixed length control field 250725b |||||||| |||| 00| 0 eng d
020 ## - INTERNATIONAL STANDARD BOOK NUMBER
International Standard Book Number 9780310365402
050 ## - LIBRARY OF CONGRESS CALL NUMBER
Classification number REF BS491
Item number .2 EXP
245 ## - TITLE STATEMENT
Title THE EXPOSITOR'S BIBLE COMMENTARY
260 ## - PUBLICATION, DISTRIBUTION, ETC.
Place of publication, distribution, etc. MICHIGAN
Name of publisher, distributor, etc. ZONDERVAN PUBLISHING HOUSE
Date of publication, distribution, etc. c1981
300 ## - PHYSICAL DESCRIPTION
Extent xvi, 603p
942 ## - ADDED ENTRY ELEMENTS (KOHA)
Source of classification or shelving scheme Library of Congress Classification
Koha item type Books
Suppress in OPAC No
999 ## -
-- 7163
-- 7163

No items available.

© 2023-2024 Copyright: Central University Libraries. All Rights Reserved | Created by: Mahone Tech Office